000
00286pab a2200133 454500
008
180718b1986 xxu||||| |||| 00| 0 eng d
245
_a
Working of nationalised banks
260
_c
1986
300
_a
782-7
362
_a
19 Apr.
650
_a
Banks
773
_a
Commerce
909
_a
4276
999
_c
4276
_d
4276